000 00741nam a22002297a 4500
003 URS
005 20260223164112.0
008 260216t2024 ph ||||| |||| 001 0 eng d
020 _a9786214063772
040 _aDLC
_beng
_cDLC
_dDLC
_dURS
_erda
082 _a499.211
_bB497 2024
100 _aBilly, Maryse Bianca M.,
_eauthor.
245 _aFilipino sa iba't ibang disiplina /
_cMaryse Bianca M. Billy.
264 _aIntramuros, Manila:
_bMindshapers Co., Inc.,
_c[2024]
300 _aviii, 192 pages;
_c25 cm.
336 _2rdacontent
_atxt
_btxt
337 _2rdamedia
_aunmediated
_bn
338 _2rdacarrier
_avolume
_bnc
504 _aIncludes bibliographical references, and indexes.
650 _aFilipino language.
942 _2ddc
_cF
999 _c98766
_d98763